000
00300nam a2200121Ia 4500
008
241002s9999 xx 000 0 und d
082
_a
910.91 JAS
100
_a
Jasper,Stembridge De
245
4
_a
The world a general regional geography
260
_a
London:
_c
1971
600
_a
History
942
_c
UC
999
_c
19004
_d
19004